| 000 | nam a22 a 4500 | ||
|---|---|---|---|
| 999 |
_c477966 _d477966 |
||
| 003 | BLK | ||
| 005 | 20221031143543.0 | ||
| 008 | 221031b bu |||||r|||| 00| | bu d | ||
| 040 | _aBLK | ||
| 041 |
_aBUL _cBUL |
||
| 080 |
_aПрофесионални болести. Общи въпроси _b613.62 _x035) _z 613.62(035) |
||
| 100 |
_91299 _aЗекин, Кирил Георгиев _eпърви автор |
||
| 139 | _aЗекин, Кирил Георгиев | ||
| 245 |
_aПрофесионални заболявания от физическо пренапрежение и микротравматизация _b[Ръководство] _cКирил Зекин |
||
| 260 |
_9210729 _aСофия _bПрофиздат _c1977 |
||
| 300 |
_a72 с. _bс ил., табл. _c20 см |
||
| 380 | _a61 | ||
| 490 |
_9205342 _aБиблиотека Охрана на труда _v5 |
||
| 500 | _a3 150 тир Библиогр. с. 68-69 | ||
| 650 | 0 |
_9271600 _aПрофесионални болести |
|
| 653 | 7 |
_9194805 _aпрофесионални болести |
|
| 852 |
_aЦб 86627 _bЦб |
||
| 856 |
_i0.00 _ldisable |
||
| 942 |
_cKNG _n0 _s1 |
||
| 944 |
_aCR _c2022-10-31 _kВП |
||